| 000 | 01046nam a2200229Ia 4500 | ||
|---|---|---|---|
| 999 |
_c40174 _d40174 |
||
| 001 | 6780 | ||
| 003 | GE_BSU | ||
| 005 | 20200213141636.0 | ||
| 008 | 181216s1966||||g |||||||||||||| ||geo|| | ||
| 040 | _cGE_BSU | ||
| 041 | _ageo | ||
| 080 | _a821.353.1-91-1 გ-61 | ||
| 245 |
_aგოგოვ, შეჩერდი ერთ წამა : _bქართული ხალხური სატრფიალო პოეზია : ლექსები და შაირები / _cშეადგინა აპოლონ ცანავამ ; რედ. გ. ხორნაული. |
||
| 264 |
_aთბილისი : _bნაკადული, _c1966. |
||
| 300 |
_a129 გვ. : _bილ. ; _c17 სმ. |
||
| 653 | _aგოგოვ, შეჩერდი ერთ წამა | ||
| 653 | _aსატრფიალო პოეზია | ||
| 653 | _aლექსები | ||
| 653 | _a შაირები | ||
| 700 |
_aხორნაული, გ. _eრედაქტორი _95576 |
||
| 942 |
_cBK _2udc |
||